|
|
|
|
| LEADER |
01573nam a22003852aa4500 |
| 001 |
001690146 |
| 003 |
CZ BrMZK |
| 005 |
20190624081230.0 |
| 007 |
ta |
| 008 |
190624m19451946xr a er|||||||||||cze d |
| 015 |
|
|
|a cnb002909635
|z cnb000391119
|z cnb000677750
|
| 020 |
|
|
|q (Váz.)
|
| 035 |
|
|
|a (OCoLC)85170547
|
| 035 |
|
|
|a (OCoLC)85437175
|
| 040 |
|
|
|a ABA001
|b cze
|
| 072 |
|
7 |
|a 51
|x Matematika
|2 Konspekt
|9 13
|
| 072 |
|
7 |
|a 37.016
|x Učební osnovy. Vyučovací předměty. Učebnice
|2 Konspekt
|9 22
|
| 080 |
|
|
|a 51
|2 MRF
|
| 080 |
|
|
|a (075)
|2 MRF
|
| 100 |
1 |
|
|a Vojtěch, Jan,
|d 1879-1953
|7 jk01150366
|4 aut
|
| 245 |
1 |
0 |
|a Základy matematiky ke studiu věd přírodních a technických /
|c napsal Jan Vojtěch
|
| 250 |
|
|
|a Vyd. 6. (nezměněný, ofsetový přetisk, vyd. 5.)
|
| 260 |
|
|
|a V Praze :
|b Jednota československých matematiků a fysiků,
|c 1945-1946
|
| 300 |
|
|
|a 2 sv. (424; 400 s.) :
|b il. ;
|c 22 cm
|
| 490 |
1 |
|
|a Knihovna spisů matematických a fysikálních ;
|v sv. 2, 7
|
| 500 |
|
|
|a Dotisk sv. 2 v r. 1950 v Přírodovědeckém nakl.
|
| 650 |
0 |
7 |
|a matematika
|7 ph117231
|2 czenas
|
| 655 |
|
7 |
|a učebnice
|7 fd133770
|2 czenas
|
| 710 |
2 |
|
|a Jednota československých matematiků a fyziků
|7 ola2002113655
|
| 830 |
|
0 |
|a Knihovna spisů matematických a fysikálních (Jednota československých matematiků a fyziků)
|0 s
|
| 910 |
|
|
|a BOA001
|b 2-0919.718
|s 1
|
| 928 |
9 |
|
|a Přírodovědecké nakladatelství
|
| 990 |
|
|
|a BK
|
| 991 |
|
|
|b 201906
|
| 996 |
6 |
|
|b 2610784016
|c 2-0919.718
|d 1.
|v 1
|l MZK
|r Sklad / do 1 hodiny
|n 0
|p dar
|w 001731219
|u 000010
|a 1
|e BOA001
|j MZK50
|s P
|